| 000 | 00813 a2200205 4500 | ||
|---|---|---|---|
| 020 | _a0471670758 | ||
| 040 |
_aDLC _bDLC |
||
| 082 | 0 | 0 | _a621.382 |
| 100 | 1 | _aAhmad, Aftab, | |
| 245 | 1 | 0 |
_aWireless and mobile data networks _cAftab Ahmad. |
| 260 |
_aHoboken, N.J. : _bWiley-Interscience, _cc2005. |
||
| 300 |
_axxix, 346 p. : _bill. ; _c25 cm. |
||
| 650 | 0 | _aWireless communication systems. | |
| 650 | 0 | _aMobile communication systems. | |
| 650 | 0 | _aComputer networks. | |
| 856 | 4 | 1 |
_3Table of contents only _uhttp://www.loc.gov/catdir/toc/ecip053/2004025911.html |
| 856 | 4 | 1 |
_3Contributor biographical information _uhttp://www.loc.gov/catdir/enhancements/fy0617/2004025911-b.html |
| 856 | 4 | 1 |
_3Publisher description _uhttp://www.loc.gov/catdir/enhancements/fy0617/2004025911-d.html |
| 942 |
_cBK _k621.382 AFT _2ddc |
||
| 999 |
_c8105 _d8105 |
||